Manual de Higiene y seguridad ocupacional para controlar riesgos laborales en las áreas de deshuese y derivados del Matadero El Cacique S.A, Granja San José
Presenta propuesta de manual de higiene y seguridad ocupacional para el control de riesgos laborales en las áreas de deshuese y derivados del Matadero El Cacique S.A, Granja San José en el cual se identificaron los riesgos a los que los trabajadores están expuestos así como la estimación del gr...
| Main Authors: | , , |
|---|---|
| Other Authors: | |
| Format: | Tesis Section = Libro |
| Language: | Undetermined Spanish |
| Published: |
Managua
UNI
2017
|
| Subjects: |
| LEADER | 01411nam a2200313Ia 4500 | ||
|---|---|---|---|
| 008 | 240830s9999 xx 000 0 und d | ||
| 040 | |a BIBLIOTECA-RUPAP Mon 363.11 G897 | ||
| 041 | |a spa | ||
| 082 | |a Mon 363.11 G897 | ||
| 100 | 1 | |a Guadamuz Murillo, Katherine Massiel | |
| 100 | 1 | |b Putoy Arias, Iveth Guadalupe | |
| 100 | 1 | |c Torrez José, Jorge Isaac | |
| 245 | 1 | 0 | |a Manual de Higiene y seguridad ocupacional para controlar riesgos laborales en las áreas de deshuese y derivados del Matadero El Cacique S.A, Granja San José |
| 260 | |a Managua |b UNI |c 2017 | ||
| 300 | |a 259 p. :il. | ||
| 500 | |a Contiene anexos y CD. | ||
| 502 | |a Tesis (Ingeniero Industrial)- UNI, 2017. | ||
| 520 | 3 | |a Presenta propuesta de manual de higiene y seguridad ocupacional para el control de riesgos laborales en las áreas de deshuese y derivados del Matadero El Cacique S.A, Granja San José en el cual se identificaron los riesgos a los que los trabajadores están expuestos así como la estimación del grado de peligrosidad de los mismos. | |
| 650 | 7 | |a HIGIENE Y SEGURIDAD OCUPACIONAL - MANUAL | |
| 650 | 7 | |b CONTROL DE RIESGOS LABORALES | |
| 650 | 7 | |c EVALUACION DE RIESGOS | |
| 650 | 7 | |d HIGI ENE Y SEGURIDAD INDUSTRIAL | |
| 650 | 7 | |e MAPA DE RIESGOS | |
| 650 | 7 | |f PLAN DE MEJORA | |
| 650 | 7 | |g NORMAS | |
| 700 | 1 | |a Tutor: |b Cáceres Antón, Juan Agustín | |
| 942 | |c BK |2 ddc | ||
| 991 | |a TESIS | ||
| 999 | |c 15448 | ||